Invertibrate zoology (Record no. 395247)

MARC details
000 -LEADER
fixed length control field 00466 a2200193 4500
005 - DATE & TIME
control field 20260317125519.0
008 - FIXED-LENGTH DATA ELEMENTS--GENERAL INFORMATION
fixed length control field 260317b |||||||| |||| 00| 0 eng d
020 ## - ISBN
International Standard Book Number 9788121903677
Price Rs. 1295.00
040 ## - CATALOGING SOURCE
Original cataloging agency VIVEKANANDA LIBRARY
082 ## - DDC NUMBER
Classification number 592
Book Number J762I
100 ## - MAIN ENTRY--PERSONAL NAME
Personal name Jordan, E L
245 ## - TITLE STATEMENT
Title Invertibrate zoology
260 ## - PUBLICATION, DISTRIBUTION, ETC. (IMPRINT)
Name of publisher, distributor, etc S Chand
Date of publication, distribution, etc 2024
Place of publication, distribution, etc New Delhi
300 ## - PHYSICAL DESCRIPTION
Pages 1127
650 ## - Subject
Subject Zoology
650 ## - Subject
Subject Invertebrate Zoology
700 ## - Added Entry Personal Name
Added Entry Personal Name Verma, P S
942 ## - ADDED ENTRY ELEMENTS (KOHA)
Koha item type Books
Holdings
Withdrawn status Lost status Source of classification or shelving scheme Damaged status Not for loan Location (home branch) Sublocation or collection (holding branch) Shelving location Date acquired Koha issues (times borrowed) Koha full call number Accession No. Koha date last seen Koha item type
    Dewey Decimal Classification     VIVEKANANDA LIBRARY VIVEKANANDA LIBRARY Vivekananda Library 18/02/2026 1 592 J762I 438422 30/03/2026 Books
© Designed and Maintained by Vivekananda Library, MDU Rohtak